Представление документа в формате RUSMARC

ПолеНазваниеЗначение
  Тип записи a
  Библиографический уровень m
001 Контрольный номер RU/IS/BASE/423219867
005 Дата корректировки 20201206204851.4
010 Индекс ISBN __
a ISBN 978-5-9718-0410-9
d Цена 487-56
101 Язык документа 0_
a Язык текста rus
200 Заглавие и сведения об ответственности 1_
a Заглавие Блоковая периодизация спортивной тренировки
f Первые сведения об ответственности В. Б. Иссурин
b Общее обозначение материала Текст
210 Выходные данные __
a Место издания М.
c Издательство Совет. спорт
d Дата издания 2010
215 Физическое описание __
a Объем 282, [1] с.
c Иллюстрации/тип воспроизводства ил.
d Формат 24
225 Серия __
a Серия Спорт без границ
320 Библиография __
a Библиография Библиогр. в конце гл.
330 Аннотация __
a Аннотация Книга содержит ответ на вопрос: Как улучшить подготовку спортсменов для более успешного их выступления на соревнованиях? В отличие от традиционной периодизации спортивной тренировки автор предлагает альтернативную концепцию - блоковую периодизацию, которая предполагает последовательное воздействие на тщательно отобранные компоненты подготовленности. Книга предназначена для тренеров, спортсменов, научных работников, а также для студентов физкультурных вузов.
606 Тематические рубрики __
a Основная рубрика Физическая культура и спорт
606 Тематические рубрики __
a Основная рубрика Теория и методика физического воспитания
610 Ключевые слова __
a Ключевые слова спортивные тренировки; тренировки; блоковая периодизация; тренировочные эффекты; долгосрочная подготовка; тренировочные процессы; горная местность
686 Индексы других классификаций __
a Классификационный индекс 75.15
700 Автор _1
a Фамилия Иссурин
b Имя В. Б.
g Полное личное имя Владимир Борисович
4 Код отношения 070
801 Источник записи _0
a Страна RU
b Организация Муниципальное бюджетное учреждение культуры "Централизованная библиотечная система" г. Сургут (Центральная городская библиотека им. А. С. Пушкина)
g Правила каталогизации КиК/Елгина
801 Источник записи _1
a Страна RU
b Организация Муниципальное бюджетное учреждение культуры "Централизованная библиотечная система" г. Сургут (Центральная городская библиотека им. А. С. Пушкина)
g Правила каталогизации КиК/Елгина
852 Данные о местонахождении __
j Шифр хранения 75.15
i Авторский знак И 88
901 Тип документа __
t Тип документа m
903 Характеристики (МАРС) __
a Дата передачи 20130529
990 Данные о заказе (DOS) __
j Количество экземпляров (DOS) 2
h N записи в КСУ для Б/У (DOS) 201306